О новом способе параметризации индикатрисы рассеяния излучения в пространственно ограниченных рассеивающих средах; Журнал технической физики; Т. 55, вып. 6

Detalles Bibliográficos
Parent link:Журнал технической физики/ Российская академия наук (РАН), Физико-технический институт им. А. Ф. Иоффе (ФТИ).— , 1931-
Т. 55, вып. 6.— 1985.— С. 1184-1186
Otros Autores: Савельев Б. А., Ларионов В. В. Виталий Васильевич, Горячев Б. В. Борис Валентинович, Могильницкий С. Б. Сергей Борисович, Кутлин А. П.
Lenguaje:ruso
Publicado: 1985
Materias:
Formato: Capítulo de libro
KOHA link:https://koha.lib.tpu.ru/cgi-bin/koha/opac-detail.pl?biblionumber=496401

MARC

LEADER 00000naa2a2200000 4500
001 496401
005 20240202181216.0
035 |a (RuTPU)RU\TPU\prd\166112 
035 |a RU\TPU\prd\160354 
090 |a 496401 
100 |a 20130123a1985 k y0rusy50 ca 
101 0 |a rus 
102 |a RU 
200 1 |a О новом способе параметризации индикатрисы рассеяния излучения в пространственно ограниченных рассеивающих средах  |f Б. А. Савельев [и др.] 
320 |a Библиогр.: с. 1186 (5 назв.) 
461 0 |0 (RuTPU)RU\TPU\prd\452  |t Журнал технической физики  |f Российская академия наук (РАН), Физико-технический институт им. А. Ф. Иоффе (ФТИ)  |d 1931- 
463 0 |0 (RuTPU)RU\TPU\prd\99639  |t Т. 55, вып. 6  |v С. 1184-1186  |d 1985 
610 1 |a труды учёных ТПУ 
701 1 |a Савельев  |b Б. А. 
701 1 |a Ларионов  |b В. В.  |c физик  |c профессор Томского политехнического университета, доктор педагогических наук  |f 1945-  |g Виталий Васильевич  |3 (RuTPU)RU\TPU\pers\25193  |9 11273 
701 1 |a Горячев  |b Б. В.  |c физик  |c доцент Томского политехнического университета, кандидат физико-математических наук  |f 1947-  |g Борис Валентинович  |3 (RuTPU)RU\TPU\pers\25460  |9 11399 
701 1 |a Могильницкий  |b С. Б.  |c физик  |c доцент Томского политехнического университета, кандидат физико-математических наук  |f 1951-  |g Сергей Борисович  |3 (RuTPU)RU\TPU\pers\25470 
701 1 |a Кутлин  |b А. П. 
801 1 |a RU  |b 63413507  |c 20121126 
801 2 |a RU  |b 63413507  |c 20130123  |g RCR 
942 |c BK